[Event "XVII Rhein-Main-Open 2014"]
[Site "Bad Homburg GER"]
[Date "2014.06.21"]
[Round "5.2"]
[White "Khenkin,I"]
[Black "Henrich,T"]
[Result "1-0"]
[WhiteElo "2578"]
[BlackElo "2242"]

1.d4 Nf6 2.c4 e6 3.Nf3 c5 4.d5 d6 5.Nc3 exd5 6.cxd5 g6 7.Bf4 a6 8.a4 Bg7
9.h3 O-O 10.e3 Qe7 11.Nd2 Nbd7 12.Nc4 Ne8 13.Be2 Rb8 14.a5 Ne5 15.Nb6 f5
16.Qd2 Nf6 17.O-O Nfd7 18.Nca4 Nxb6 19.Nxb6 Bd7 20.b4 cxb4 21.Qxb4 Be8 22.Rac1 g5
23.Bh2 Bg6 24.Rfe1 Rbd8 25.f4 Nf7 26.Bd3 Rfe8 27.Qb1 gxf4 28.Bxf4 Ng5 29.Bxf5 Ne4
30.Bxg6 hxg6 31.Nc4 g5 32.Bh2 Qf7 33.Qc2 Qxd5 34.Red1 Qc5 35.Qb3 Qb5 36.Qxb5 axb5
37.Nxd6 Nxd6 38.Rxd6 Ra8 39.Rg6 Rxa5 40.Rxg5 Re7 41.Rc7 Rxc7 42.Bxc7  1-0

[Event "XVII Rhein-Main-Open 2014"]
[Site "Bad Homburg GER"]
[Date "2014.06.21"]
[Round "5.42"]
[White "Stierle,M"]
[Black "Martin,Reiner"]
[Result "1/2-1/2"]
[WhiteElo "1907"]
[BlackElo "2033"]

1.d4 Nf6 2.c4 c5 3.d5 e6 4.Nc3 exd5 5.cxd5 d6 6.Nf3 g6 7.Qa4+ Bd7 8.Qb3 Qc7
9.e4 Bg7 10.Bd3 O-O 11.O-O Re8 12.Nd2 Ng4 13.Be2 Ne5 14.Qd1  1/2-1/2

[Event "XVII Rhein-Main-Open 2014"]
[Site "Bad Homburg GER"]
[Date "2014.06.21"]
[Round "5.19"]
[White "Will,P"]
[Black "Lenz,Jonas"]
[Result "0-1"]
[WhiteElo "2126"]
[BlackElo "1931"]

1.d4 Nf6 2.c4 c5 3.d5 e6 4.Nc3 exd5 5.cxd5 d6 6.Nf3 g6 7.g3 Bg7 8.Bg2 O-O
9.O-O Re8 10.Nd2 a6 11.a4 Nbd7 12.h3 Rb8 13.Nc4 Ne5 14.Na3 Nh5 15.Kh2 Bd7
16.Ne4 Qe7 17.f4 f5 18.fxe5 Bxe5 19.Bg5 Qg7 20.Nc3 Nxg3 21.Bf4 Nxf1+ 22.Qxf1 b5
23.Nd1 g5 24.Bxe5 Qxe5+ 25.Kg1 Qxe2 26.Qxe2 Rxe2 27.axb5 axb5 28.Bf3 Re7
29.Nc2 g4 30.Bg2 Rbe8 31.Ra6 Re1+ 32.Nxe1 Rxe1+ 33.Kf2 Rxd1 34.Rxd6 Be8 35.hxg4 fxg4
36.Rd8 Kf7 37.d6 Rd2+ 38.Kg3 h5 39.Be4 Rd4 40.Bf5 Kf6 41.Bc8 Bc6 42.d7 Bxd7
43.Bxd7 Ke7 44.Rc8 Kxd7 45.Rxc5 Rb4 46.Rxh5 Rxb2 47.Kxg4 Kc6 48.Kf3 Rd2 49.Ke3 Rd8
50.Rh1 b4 51.Rh6+ Kc5 52.Rh7 Kc4 53.Rc7+ Kb3 54.Rh7 Kb2 55.Rb7 b3 56.Ra7 Kb1
57.Rb7 b2 58.Ra7 Rc8 59.Kd2 Rc2+ 60.Kd1 Rc5 61.Kd2 Rd5+ 62.Ke3 Kc2 63.Rc7+ Kb3
64.Rb7+ Kc3 65.Rb8 Rc5  0-1

[Event "XVII Rhein-Main-Open 2014"]
[Site "Bad Homburg GER"]
[Date "2014.06.22"]
[Round "7.4"]
[White "Hoffmann,Micha1"]
[Black "Henrich,T"]
[Result "1/2-1/2"]
[WhiteElo "2452"]
[BlackElo "2242"]

1.d4 Nf6 2.c4 e6 3.Nc3 c5 4.d5 exd5 5.cxd5 d6 6.Nf3 g6 7.Bf4 a6 8.a4 Bg7
9.h3 O-O 10.e3 Qe7 11.Be2 Nbd7 12.O-O Ne8 13.Re1 Rb8 14.a5 b5 15.axb6 Rxb6
16.Qc2 Nc7 17.Nd2 Ne5 18.Bg3 f5 19.Bxe5 Bxe5 20.Nc4 Rb4 21.Na2 Rb8 22.Nxe5 Qxe5
23.Nc3 Kh8 24.Bc4 Bb7 25.Qd2 Qg7 26.f4 g5 27.fxg5 Qxg5 28.Rf1 Rbe8 29.Rf3 Re5
30.Raf1 Rfe8  1/2-1/2

[Event "Portuguese Cup Final Four 2014"]
[Site "Gaia POR"]
[Date "2014.06.22"]
[Round "2.3"]
[White "Pereira,Ant2"]
[Black "Pena Gomez,M"]
[Result "0-1"]
[WhiteElo "2127"]
[BlackElo "2437"]

1.d4 Nf6 2.c4 e6 3.Nc3 c5 4.d5 exd5 5.cxd5 d6 6.Nf3 g6 7.Bf4 Bg7 8.Qa4+ Bd7
9.Qb3 Qc7 10.h3 O-O 11.e3 Re8 12.Be2 Na6 13.Nd2 Rab8 14.Nc4 Bf8 15.Na3 Nb4
16.Nab5 Qb6 17.Rd1 Bf5 18.Rd2 a6 19.Na3 Qa5 20.O-O b5 21.g4 c4 22.Qd1 Bd3
23.Bxd3 Nxd3 24.Rxd3 cxd3 25.Qxd3 Rbc8 26.Nc2 b4 27.Ne2 Nxd5 28.a3 bxa3 29.Nxa3 Nb4
30.Qd2 d5 31.Nd4 Nc6 32.Qxa5 Nxa5 33.Nac2 Nb3 34.Rd1 Red8 35.Rd3 Nc1 36.Rd2 Rd7
37.Kg2 Rb7 38.Rd1 Ne2 39.Nxe2 Rxc2 40.Nc3 Rbxb2 41.Nxd5 Rxf2+ 42.Kg3 Rg2+
43.Kf3 f5 44.Bg3 Rgd2  0-1

[Event "8th Varna Open 2014"]
[Site "Varna BUL"]
[Date "2014.06.22"]
[Round "4.9"]
[White "Nikolov,Sas"]
[Black "Rudakov,A"]
[Result "1-0"]
[WhiteElo "2358"]
[BlackElo "2310"]

1.d4 Nf6 2.Nf3 e6 3.c4 c5 4.d5 exd5 5.cxd5 d6 6.Nc3 g6 7.h3 Bg7 8.Bf4 O-O
9.e3 a6 10.a4 Re8 11.Nd2 Qc7 12.Nc4 Bf8 13.a5 Nbd7 14.Na4 Rb8 15.Rc1 Ne5
16.Bxe5 dxe5 17.Ncb6 Bd7 18.Bc4 Bxa4 19.Qxa4 e4 20.Ba2 Qe5 21.Qb3 Bd6 22.Nc4 Qe7
23.O-O Nd7 24.Qc2 Rbc8 25.Bb3 Nf6 26.Rfd1 h5 27.Rd2 Nh7 28.Ba4 Red8 29.Qd1 Ng5
30.Nxd6 Qxd6 31.Rc4 f5 32.Qc1 Rc7 33.b4 Rdc8 34.Rdc2 Qxd5 35.bxc5 Ne6 36.Rd2 Qe5
37.Bd7 Rb8 38.Qc3  1-0

[Event "TCh World Deaf 2014"]
[Site "Opatija CRO"]
[Date "2014.06.23"]
[Round "5.1"]
[White "Ninov,Nikolay"]
[Black "Klasan,V"]
[Result "0-1"]
[WhiteElo "1961"]
[BlackElo "2333"]

1.d4 Nf6 2.c4 c5 3.d5 e6 4.Nc3 exd5 5.cxd5 d6 6.Nf3 g6 7.Bg5 h6 8.Bh4 g5
9.Bg3 Nh5 10.e3 Nxg3 11.hxg3 Bg7 12.Qa4+ Nd7 13.Bb5 O-O 14.O-O a6 15.Be2 b5
16.Qc2 f5 17.Rad1 Qf6 18.Ne1 Nb6 19.Rd2 Bb7 20.g4 fxg4 21.Bxg4 Rae8 22.Be6+ Rxe6
23.dxe6 Qxe6 24.b3 Kh8 25.Qd3 d5 26.Ne2 Nd7 27.Ng3 Be5 28.Nf3 Bg7 29.Nh5 Rxf3
30.gxf3 Ne5 31.Qe2 d4 32.e4 Qh3 33.Ng3 Ng6 34.f4 Nh4 35.f3 Qxg3+ 36.Kh1 Qxf4
37.Qh2 Qxh2+ 38.Kxh2 g4 39.fxg4 Bxe4 40.Kg3 Ng6 41.Rf7 d3 42.Rd7 Be5+ 43.Kf2 c4
44.Rd1 Kg8 45.Ke3 Bc6 46.Rd8+ Kf7 47.bxc4 bxc4 48.Rc8 Bd5 49.Rb1 Kf6 50.Rb6+ Kf7
51.Rxa6 Bf4+ 52.Kd4 d2 53.Kc5  0-1

[Event "Asian Clubs 2014"]
[Site "Al-Ain UAE"]
[Date "2014.06.27"]
[Round "6.2"]
[White "Omar,Noa"]
[Black "Ismagambetov,An"]
[Result "0-1"]
[WhiteElo "2366"]
[BlackElo "2519"]

1.d4 Nf6 2.c4 e6 3.Nf3 c5 4.d5 d6 5.Nc3 exd5 6.cxd5 g6 7.h3 Bg7 8.e4 O-O
9.Bg5 Qe8 10.Bb5 Bd7 11.Bxd7 Nbxd7 12.Qe2 b5 13.e5 dxe5 14.Bxf6 Nxf6 15.O-O-O e4
16.Nd2 b4 17.Ncxe4 Nxd5 18.Nc4 Nb6 19.Rhe1 Qe6 20.Ned6 Nxc4 21.Nxc4 Qf6 22.f3 Rad8
23.Kb1 h5 24.g4 Rxd1+ 25.Rxd1 Qh4 26.Rd5 hxg4 27.hxg4 Bd4 28.Kc2 Qf6 29.Rd6 Qf4
30.Qe4 Qxe4+ 31.fxe4 Kg7 32.Rd7 Kf6 33.Rxa7 Kg5 34.a4 bxa3 35.bxa3 Kxg4 36.a4 Kh4
37.Nd6 g5 38.Nf5+ Kg4 39.Nxd4 cxd4 40.Kd3 Kh3 41.Kxd4 g4 42.Ke3 g3 43.Ra5 f5
44.Ra7 fxe4 45.Rh7+ Kg2 46.a5 Rf3+ 47.Ke2 Ra3 48.Rh5 Kg1 49.Ke1 Ra2 50.Re5 Kg2
51.Rf5 Kh3 52.Rh5+ Kg4 53.Rh7 g2 54.Rg7+ Kf3  0-1

[Event "ch-PHI 2014"]
[Site "Manila PHI"]
[Date "2014.06.27"]
[Round "10.5"]
[White "Abelgas,Roe"]
[Black "Antonio,R"]
[Result "0-1"]
[WhiteElo "2319"]
[BlackElo "2517"]

1.d4 Nf6 2.c4 e6 3.Nf3 c5 4.d5 exd5 5.cxd5 d6 6.Nc3 g6 7.g3 Bg7 8.Bg2 O-O
9.O-O a6 10.a4 Re8 11.Nd2 Nbd7 12.h3 Nh5 13.e4 Ne5 14.Qc2 f5 15.f4 Nf7 16.Kh2 Nf6
17.Rb1 fxe4 18.Ndxe4 Bf5 19.b4 Rc8 20.b5 Rc7 21.Bb2 Rce7 22.Rbd1 Nxe4  0-1

[Event "42th TCh-GRE 2014"]
[Site "Porto Rio GRE"]
[Date "2014.06.28"]
[Round "1.1"]
[White "Skalkotas,N"]
[Black "Lubbe,N"]
[Result "0-1"]
[WhiteElo "2177"]
[BlackElo "2458"]

1.d4 Nf6 2.Nf3 e6 3.c4 c5 4.d5 exd5 5.cxd5 d6 6.Nc3 g6 7.g3 Bg7 8.Bg2 O-O
9.O-O a6 10.a4 Re8 11.Nd2 Nbd7 12.Nc4 Nb6 13.Na3 Bd7 14.Bf4 Nh5 15.a5 Nxf4
16.gxf4 Bxc3 17.bxc3 Na4 18.Nb1 Qxa5 19.f5 b5 20.fxg6 hxg6 21.Qd2 Qd8 22.Qf4 Re5
23.Rxa4 bxa4 24.c4 Rb8 25.Nc3 Qe7 26.Ra1 Kg7 27.Qc1 Qh4  0-1

[Event "Zlata Praha Open 2014"]
[Site "Prague CZE"]
[Date "2014.06.28"]
[Round "8.17"]
[White "Strakos,T"]
[Black "Sargsjan,K"]
[Result "1/2-1/2"]
[WhiteElo "1769"]
[BlackElo "1982"]

1.d4 e6 2.Nf3 Nf6 3.c4 c5 4.d5 exd5 5.cxd5 d6 6.Nc3 Be7 7.e4 Nbd7 8.Be2 O-O
9.h3 a6 10.a4 Re8 11.O-O h6 12.Re1 Bf8 13.Bf1 Qe7 14.Bf4 Ne5 15.Nxe5 dxe5
16.Be3 Nd7 17.g4 b6 18.Qf3 Qh4 19.Qg3 Be7 20.Qxh4 Bxh4  1/2-1/2

[Event "Duras BVK Open A 2014"]
[Site "Brno CZE"]
[Date "2014.06.30"]
[Round "3.7"]
[White "Snorek,M"]
[Black "Dvorak,A"]
[Result "1/2-1/2"]
[WhiteElo "2129"]
[BlackElo "2157"]

1.d4 Nf6 2.Nf3 c5 3.d5 e6 4.c4 exd5 5.cxd5 d6 6.Nc3 g6 7.Qa4+ Bd7 8.Qb3 Qc7
9.e4 a6 10.a4 Bc8 11.Bd3 Nbd7 12.O-O Bg7 13.h3 O-O 14.Bf4 Ne8 15.Rfe1 Kh8
16.Rad1 Ne5 17.Bxe5 dxe5 18.Nd2 Nd6 19.Nc4 Bd7 20.Qb6 Qxb6 21.Nxb6 Rad8 22.Nc4 Be8
23.a5 Bf6 24.b3 Kg7 25.Re2 Nxc4 26.Bxc4 Rd6 27.g3 Bd8 28.Ra1 f6 29.Kg2 Bd7
30.f3 Be7 31.Rb2 Rc8 32.Rf2 f5 33.Na4 Bxa4 34.Rxa4 Rf6 35.Raa2 fxe4 36.fxe4 Rxf2+
37.Rxf2 Bd6 38.Be2 Rc7 39.h4  1/2-1/2

[Event "ch-Commonwealth 2014"]
[Site "Glasgow SCO"]
[Date "2014.07.01"]
[Round "2.1"]
[White "Gupta,Ab"]
[Black "Eggleston,T"]
[Result "1-0"]
[WhiteElo "2634"]
[BlackElo "2172"]

1.d4 Nf6 2.Nf3 c5 3.d5 e6 4.c4 exd5 5.cxd5 d6 6.Nc3 g6 7.e4 Bg7 8.Bd3 O-O
9.h3 b5 10.O-O a6 11.a3 Re8 12.Re1 Bb7 13.Bg5 h6 14.Bh4 Nbd7 15.Rc1 c4 16.Bc2 Qb6
17.Qd2 Ne5 18.Nxe5 Rxe5 19.Kh2 Nh5 20.f4 Nxf4 21.Qxf4 Rg5 22.Kh1 Be5 23.Qf2 Bd4
24.Qf3 Rh5 25.Bf6 Bc8 26.Rf1 Bxf6 27.Qxf6 Bxh3 28.Qxf7+ Kh8 29.Qf6+ Kh7 30.Qe7+ Kg8
31.gxh3 Qe3 32.Qe6+ Kh8 33.Qg4 Rxh3+ 34.Kg2 Rh5 35.Rce1 Qd4 36.Rh1 Rf8 37.Re2 Rxh1
38.Kxh1 Rf1+ 39.Kh2 Rf5 40.exf5 Qxg4 41.fxg6 Qh4+ 42.Kg2 Qg5+ 43.Kf1 Kg7
44.Ke1 Qc1+ 45.Nd1 Qg5 46.Ne3 Qg1+ 47.Kd2 a5 48.Rg2 Qh1 49.Be4 Qa1 50.Nf5+ Kf6
51.g7 Qxb2+ 52.Bc2 b4 53.g8=Q Qc3+ 54.Kd1 Qf3+ 55.Ke1 Qc3+ 56.Kf1 Qa1+ 57.Kf2  1-0

[Event "42nd TCh-GRE 2014"]
[Site "Porto Rio GRE"]
[Date "2014.07.02"]
[Round "6.1"]
[White "Lekic,Du"]
[Black "Indjic,A"]
[Result "0-1"]
[WhiteElo "2433"]
[BlackElo "2542"]

1.d4 Nf6 2.c4 c5 3.d5 e6 4.Nc3 exd5 5.cxd5 d6 6.Nf3 g6 7.Nd2 Bg7 8.e4 O-O
9.Be2 Re8 10.O-O Nbd7 11.Re1 a6 12.a4 b6 13.h3 Rb8 14.Qc2 Qc7 15.Rb1 c4 16.b4 cxb3
17.Rxb3 Nc5 18.Rb4 Ncxe4 19.Ndxe4 Nxe4 20.Rxe4 Rxe4 21.Qxe4 Bf5 22.Qc4 Qxc4
23.Bxc4 Bxc3 24.Re7 b5 25.axb5 axb5 26.Bb3 Ra8 27.Bf4 h5 28.g4 hxg4 29.hxg4 Bxg4
30.Bxd6 Ra1+ 31.Kg2 Rb1 32.Bc2 Rb2 33.Bd3 Bd4 34.Bg3 Rb3 35.Re8+ Kg7 36.Re4 Bc5
37.Be2 Bxe2 38.Rxe2 Rd3 39.Rb2 b4 40.d6 Kf6 41.Kf1 Ke6 42.Re2+ Kd5 43.Re8 Kc4
44.Ke2 Rd5 45.Rd8 b3 46.d7 b2  0-1

[Event "42nd TCh-GRE 2014"]
[Site "Porto Rio GRE"]
[Date "2014.07.03"]
[Round "7.1"]
[White "Brunello,S"]
[Black "Alexakis,D"]
[Result "1/2-1/2"]
[WhiteElo "2589"]
[BlackElo "2211"]

1.d4 Nf6 2.c4 e6 3.Nf3 c5 4.d5 exd5 5.cxd5 d6 6.Nc3 g6 7.Bf4 a6 8.a4 Bg7
9.h3 O-O 10.e3 Re8 11.Nd2 Nh5 12.Bh2 Nd7 13.Be2 Ne5 14.O-O f5 15.Bxh5 gxh5
16.Qxh5 b6 17.Bxe5 Bxe5 18.Nc4 Rf8 19.Nxe5 dxe5 20.e4 Ra7 21.f4 Qd6 22.fxe5 Qxe5
23.exf5 Bxf5 24.Rae1 Qd4+ 25.Kh1 Raf7 26.Qg5+ Kh8 27.Rd1 Qe5 28.d6 Rg8 29.Qf4 Qg7
30.Rf2 Be6 31.Qe3 Rxf2 32.Qxf2 Bd7 33.Rd2 Bc6 34.Kh2 Bxg2 35.Nd5 Bxh3 36.Qf6 Be6
37.d7 Qxf6 38.Nxf6 Rd8 39.Re2 Bxd7 40.Rd2 b5 41.Rxd7 Rxd7 42.Nxd7 c4 43.Nc5 bxa4
44.Nxa4 Kg7 45.Kg3 Kf6 46.Kf4 h5 47.Nc5 h4 48.Nxa6 h3 49.Kg3 Ke5 50.Nb4 Kd4
51.Kxh3 Kc5 52.Na2 Kd4 53.Nb4 Kc5 54.Nc2 Kb5 55.Kg3 Ka4 56.Nd4 Kb4 57.Kf4 c3
58.b3 c2 59.Nxc2+  1/2-1/2

[Event "Polugaevsky Mem 2014"]
[Site "Samara RUS"]
[Date "2014.07.03"]
[Round "2.35"]
[White "Mikheev,S"]
[Black "Vildanov,Ruslan"]
[Result "0-1"]
[WhiteElo "2240"]
[BlackElo "2014"]

1.d4 Nf6 2.c4 e6 3.Nf3 c5 4.d5 d6 5.Nc3 exd5 6.cxd5 g6 7.Bf4 Bg7 8.Qa4+ Bd7
9.Qb3 Qc7 10.Bxd6 Qxd6 11.Qxb7 Qb6 12.Qxa8 Qxb2 13.Rd1 Qxc3+ 14.Nd2 O-O 15.e3 Ba4  0-1

[Event "Polugaevsky Mem 2014"]
[Site "Samara RUS"]
[Date "2014.07.05"]
[Round "4.18"]
[White "Kozionov,Kirill"]
[Black "Baltabaev,T"]
[Result "1/2-1/2"]
[WhiteElo "2393"]
[BlackElo "2144"]

1.d4 Nf6 2.c4 e6 3.Nc3 c5 4.d5 exd5 5.cxd5 d6 6.Nf3 g6 7.Bf4 a6 8.Nd2 b5
9.a4 Nh5 10.axb5 Nxf4 11.bxa6 Nxg2+ 12.Bxg2 Rxa6 13.Nc4 Be7 14.O-O Rxa1 15.Qxa1 Ba6
16.Na5 O-O 17.Nc6 Nxc6 18.dxc6 Bc4 19.Qa7 Bf6 20.c7 Qd7 21.Qa4 Qe6 22.Ra1 Bxc3
23.bxc3 Qxe2 24.Qd7 Qb2 25.Rd1 Be6 26.Qxd6 Qxc3 27.Bd5 Bg4 28.Rd3 Qc1+ 29.Kg2 Bf5
30.Rf3 Qg5+ 31.Rg3 Qh4 32.Qxc5 Rc8 33.Kg1 Qf4 34.Rc3 Qg4+ 35.Rg3 Qf4 36.Rc3 Qg4+
37.Rg3 Qf4 38.Rc3 Qg4+  1/2-1/2

[Event "Polugaevsky Mem 2014"]
[Site "Samara RUS"]
[Date "2014.07.07"]
[Round "6.25"]
[White "Baraeva,I"]
[Black "Nizamov,I"]
[Result "1-0"]
[WhiteElo "2163"]
[BlackElo "2297"]

1.d4 Nf6 2.c4 e6 3.Nf3 c5 4.d5 exd5 5.cxd5 d6 6.Nc3 g6 7.Bf4 a6 8.a4 Bg7
9.h3 O-O 10.e3 Qe7 11.Nd2 Nbd7 12.Be2 Ne8 13.O-O f5 14.Bh2 Rb8 15.a5 Nc7
16.Nc4 Ne5 17.Na4 Nb5 18.Qb3 Kh8 19.Nxe5 Bxe5 20.Bxe5+ Qxe5 21.Bxb5 axb5
22.Qxb5 f4 23.exf4 Qxf4 24.Ra3 Bf5 25.Re3 Rbd8 26.Nc3 c4 27.Ne2 Qh4 28.g3 Qf6
29.Nf4 g5 30.Ne6 Bxh3 31.Nxf8 Rxf8 32.Re8 Bxf1 33.Rxf8+ Qxf8 34.Kxf1 Qc8
35.Qb6 c3 36.Qd4+ Kg8 37.bxc3  1-0

[Event "Polugaevsky Mem 2014"]
[Site "Samara RUS"]
[Date "2014.07.07"]
[Round "6.13"]
[White "Yuffa,D"]
[Black "Mirzaev,A2"]
[Result "1-0"]
[WhiteElo "2447"]
[BlackElo "2257"]

1.d4 Nf6 2.c4 c5 3.d5 e6 4.Nc3 exd5 5.cxd5 d6 6.Nf3 g6 7.g3 Bg7 8.Bg2 O-O
9.O-O a6 10.a4 Re8 11.Bf4 Ne4 12.Ra3 h6 13.Nxe4 Rxe4 14.Nd2 Rb4 15.b3 g5
16.Be3 Nd7 17.Ne4 Qe7 18.Qc2 f5 19.Nc3 c4 20.bxc4 Rxc4 21.Rb1 f4 22.Bd2 Ne5
23.Be1 Bg4 24.Rab3 Qf6 25.Rxb7 Bf5 26.Rb8+ Kh7 27.Be4 Rxe4 28.Nxe4 Qg6 29.Rxa8 Bxe4
30.Qc8 Bxd5 31.Rb7 Qe4 32.Qh8+ Kg6 33.Rxg7+  1-0

[Event "Polugaevsky Mem 2014"]
[Site "Samara RUS"]
[Date "2014.07.07"]
[Round "6.39"]
[White "Kroll,D"]
[Black "Baltabaev,T"]
[Result "0-1"]
[WhiteElo "1976"]
[BlackElo "2144"]

1.d4 Nf6 2.c4 e6 3.Nc3 c5 4.d5 exd5 5.cxd5 d6 6.Nf3 g6 7.Bf4 a6 8.a4 Bg7
9.h3 O-O 10.e3 Nh5 11.Bh2 f5 12.Bd3 f4 13.O-O Nd7 14.Qd2 Ne5 15.Be2 Nxf3+
16.Bxf3 fxe3 17.fxe3 Nf6 18.a5 b5 19.axb6 Qxb6 20.Na4 Qd8 21.Ra3 Bf5 22.Rb3 Ne4
23.Qe2 Qa5 24.Nb6 Nd2 25.Nc4 Nxc4 26.Qxc4 Qc7 27.Ra3 a5 28.e4 Bxb2 29.Ra4 Bd4+
30.Kh1 Bc8 31.Rd1 Qe7 32.Qb3 Be5 33.Bxe5 Qxe5 34.Rda1 Qg3 35.Rxa5 Rxa5 36.Rxa5 Qe1+  0-1

[Event "ch-Commonwealth 2014"]
[Site "Glasgow SCO"]
[Date "2014.07.08"]
[Round "9.33"]
[White "MacQueen,C"]
[Black "Staniforth,Matthew"]
[Result "1-0"]
[WhiteElo "2229"]
[BlackElo "1886"]

1.d4 Nf6 2.c4 e6 3.Nf3 c5 4.d5 exd5 5.cxd5 d6 6.Nc3 g6 7.Bf4 a6 8.a4 Qe7
9.e3 Bg4 10.Be2 Bxf3 11.Bxf3 Bg7 12.O-O O-O 13.a5 Nbd7 14.Qb3 Rab8 15.Na4 Ne5
16.Be2 Ne4 17.Qc2 f5 18.h3 Qh4 19.Nb6 g5 20.Bh2 g4 21.hxg4 Rf6 22.g5 Nxg5
23.Bg3 Ngf3+ 24.Bxf3 Nxf3+ 25.gxf3 Qh3 26.Ra4 Rh6 27.Rh4 Rxh4 28.Bxh4 Qxh4
29.Qxf5 Be5 30.Qg4+ Qxg4+ 31.fxg4 Bxb2 32.Nc4 Bc3 33.Rc1 Bb4 34.f3 Kf8 35.Kf2 Ke7
36.Rh1 Rh8 37.Rh6  1-0

[Event "Polugaevsky Mem 2014"]
[Site "Samara RUS"]
[Date "2014.07.08"]
[Round "7.36"]
[White "Sorokin,Aleksey"]
[Black "Sinyanskiy,Maxim"]
[Result "1/2-1/2"]
[WhiteElo "2205"]
[BlackElo "2020"]

1.d4 c5 2.d5 Nf6 3.c4 e6 4.Nc3 exd5 5.cxd5 d6 6.Nf3 g6 7.Bf4 Bg7 8.Qa4+ Bd7
9.Qb3 Qc7 10.e4 O-O 11.Nd2 Re8 12.Be2 a6 13.Nc4 Nxe4 14.Nxe4 Rxe4 15.Bxd6 Qc8
16.f3 Rxc4 17.Qxc4 Bxb2 18.Rd1 Bb5 19.Qxc5 Qe8 20.Qc2 Bf6 21.Qe4 Bc3+ 22.Kf2 Qd8
23.Qe7 Qc8 24.Bxb8 Qxb8 25.Qc5 Qe5 26.Bxb5 axb5 27.Rhf1 Rxa2+ 28.Kg1 b4 29.Qc4 b3
30.d6 Qe3+ 31.Kh1 Bf6 32.d7 Bd8 33.Rg1 Rc2 34.Qc8 Qg5 35.Qxb7 b2 36.Qb3 Qc5
37.Rb1 Rc1 38.Rd1 Qd4 39.Rdxc1 bxc1=Q+ 40.Rxc1 Qxd7 41.Rb1 Qc7 42.f4 Bf6
43.Qf3 Kg7 44.Rf1 Qe7 45.g3 Qd6 46.g4 h6 47.Qg2 Qe7 48.Rb1 Qe3 49.Rf1 Qe7
50.Qf3 Qd7 51.Rg1 Qe7 52.Qg2 Bd4 53.Rd1 Bf6 54.Qf3 Qc7 55.Qe4 Qc8 56.Qg2 Qc5
57.Qf3 Qe7 58.h3 Qc5 59.Rf1 Qe7 60.Kg2 Qd7 61.Rf2 Bh4 62.Re2 Bf6 63.Kh2 Qd6
64.Qe4 Qd7 65.Kg3 Qd8 66.Kg2 Qd7 67.Rc2 Qd1 68.Qe2 Qd4 69.Qf3 Qd7 70.f5 g5
71.Re2 Qd6 72.Ra2 Qd4 73.h4 gxh4 74.Re2 Qd6 75.Kh3 Qd1 76.Rf2 Qg1 77.Rf1 Qc5
78.Re1 Qd6 79.Rc1 Qd2 80.Rc6 Qb2 81.Rxf6 Qxf6 82.Qf2 Qg5 83.Qxh4 Kf6 84.Qf2 Kg7
85.Qb2+ Kh7 86.Qe5 Qd2 87.Qf6 Qe3+ 88.Kh4 Qf2+ 89.Kh5 Qh2+ 90.Qh4 Qf4 91.Qf6 Qh2+
92.Qh4 Qe5 93.Qf2 Qf6 94.Qf4 Qc6 95.Kh4  1/2-1/2

[Event "Husek Vienna Open 2014"]
[Site "Vienna AUT"]
[Date "2014.07.08"]
[Round "4.6"]
[White "Wcislo,D"]
[Black "Kilgus,G"]
[Result "0-1"]
[WhiteElo "2243"]
[BlackElo "2441"]

1.d4 Nf6 2.c4 e6 3.Nf3 c5 4.d5 d6 5.Nc3 exd5 6.cxd5 g6 7.g3 Bg7 8.Bg2 O-O
9.O-O Re8 10.Nd2 a6 11.a4 Nbd7 12.Nc4 Ne5 13.Nxe5 Rxe5 14.e4 Re8 15.h3 Bd7
16.Bf4 b5 17.axb5 axb5 18.Rxa8 Qxa8 19.Bxd6 b4 20.e5 bxc3 21.bxc3 Bb5 22.exf6 Bxf1
23.fxg7 Bxg2 24.Kxg2 c4 25.Qd4 Rd8 26.Qe5 Qb7 27.Kh2 Qb6 28.Be7 Qxf2+ 29.Kh1  0-1

[Event "Styrian Open 2014"]
[Site "Bad Gleichenberg AUT"]
[Date "2014.07.09"]
[Round "5.6"]
[White "Schachinger,M"]
[Black "Martinovic,Sa"]
[Result "1/2-1/2"]
[WhiteElo "2414"]
[BlackElo "2544"]

1.d4 Nf6 2.Nf3 e6 3.c4 c5 4.d5 d6 5.Nc3 exd5 6.cxd5 g6 7.Bf4 a6 8.a4 Bg7
9.e3 O-O 10.Be2 Bg4 11.O-O Qe7 12.Nd2 Bxe2 13.Qxe2 Nh5 14.Nc4 Nxf4 15.exf4 Qxe2
16.Nxe2 Rd8 17.Nc3 Nd7 18.Nxd6 Rab8 19.Nc4 Bxc3 20.bxc3 Nf6 21.Ne3 Nxd5 22.Nxd5 Rxd5
23.Rfd1 Rxd1+ 24.Rxd1 b5 25.axb5 axb5 26.Kf1 Kf8 27.Ke2 Ke7 28.Rd5 b4 29.Kd2 b3
30.Kc1 Ra8 31.Rxc5 Ra2 32.g3 Rxf2 33.h4 h5 34.Re5+ Kf6 35.Re3 Kf5 36.c4 Rc2+
37.Kd1 Rxc4 38.Rxb3 Kg4 39.Ke2 Rc2+ 40.Kf1 Ra2 41.Rc3 Rd2 42.Ra3 Rc2 43.Rb3 Ra2
44.Rc3 Kh3 45.f5 Ra4 46.fxg6 fxg6 47.Kf2 Kh2 48.Rb3 Ra6 49.Rc3 Ra1 50.Rc6 Ra2+
51.Kf1 Kxg3 52.Rxg6+ Kxh4  1/2-1/2

[Event "ECM JCL Open 2014"]
[Site "Montpellier FRA"]
[Date "2014.07.09"]
[Round "5.3"]
[White "Meunier,Clement2"]
[Black "Arizmendi Martinez,J"]
[Result "0-1"]
[WhiteElo "2132"]
[BlackElo "2553"]

1.d4 Nf6 2.Nf3 e6 3.c4 c5 4.d5 d6 5.Nc3 exd5 6.cxd5 g6 7.Qa4+ Nbd7 8.Bf4 a6
9.e4 Nh5 10.Bg5 Qb6 11.Qc2 Bg7 12.Bc4 O-O 13.O-O Re8 14.Rae1 Qa5 15.Bd2 Qc7
16.a4 Rb8 17.Be2 c4 18.Ng5 Nhf6 19.f4 b5 20.axb5 axb5 21.e5 dxe5 22.f5 Nb6
23.fxg6 fxg6 24.Nce4 Nbxd5 25.Rf2 Bf5 26.g4 Bxe4 27.Nxe4 Nf4 28.Bxf4 Nxe4
29.Qxe4 exf4 30.Qxf4 Qxf4 31.Rxf4 Bxb2 32.Kf1 Rf8 33.Rxf8+ Rxf8+ 34.Kg2 Bd4
35.Rf1 Rxf1 36.Bxf1 Kf7 37.Kf3 Ke6 38.Ke4 Bf6 39.Be2 Kd6 40.Bd1 Kc5 41.Ke3 Bg5+
42.Ke4 b4  0-1

[Event "XXIX Gniota Memorial Open"]
[Site "Police POL"]
[Date "2014.07.09"]
[Round "1.11"]
[White "Schmidt,Wl"]
[Black "Smieszek,W"]
[Result "1/2-1/2"]
[WhiteElo "2360"]
[BlackElo "1943"]

1.d4 Nf6 2.c4 c5 3.d5 e6 4.Nc3 exd5 5.cxd5 d6 6.Nf3 g6 7.Nd2 Nbd7 8.e4 Bg7
9.Be2 O-O 10.O-O Re8 11.a4 Ne5 12.Ra3 a6 13.Qc2 g5 14.Re1 g4 15.Nf1 Nh5 16.Ng3  1/2-1/2

[Event "Polugaevsky Mem 2014"]
[Site "Samara RUS"]
[Date "2014.07.09"]
[Round "8.22"]
[White "Tunik,G"]
[Black "Purygin,A"]
[Result "0-1"]
[WhiteElo "2432"]
[BlackElo "2224"]

1.d4 Nf6 2.c4 e6 3.Nc3 c5 4.d5 exd5 5.cxd5 d6 6.Nf3 g6 7.Nd2 Bg7 8.e4 O-O
9.Be2 a6 10.a4 b6 11.O-O Ra7 12.Nc4 Re7 13.Bf3 Ne8 14.Bg5 f6 15.Bh4 Rb7 16.Na3 Bd7
17.Be2 Qe7 18.Re1 Rf7 19.Bc4 Qf8 20.f4 Nc7 21.e5 fxe5 22.fxe5 Rf4 23.Bg3 Bxe5
24.Rxe5 dxe5 25.d6+ Ne6 26.Bd5 Nc6 27.Nc4 Rd4 28.Qe2 Rxd5 29.Nxd5 Ned4 30.Qe4 Bf5
31.Ne7+ Rxe7 32.dxe7 Qxe7 33.Qd5+ Be6 34.Qd6 Bxc4 35.Qxe7 Nxe7 36.Bxe5 Kf7
37.Rd1 Ndc6 38.Bg3 Bb3 39.Ra1 Nd5 40.Kf2 Ke6 41.Ke2 Nd4+ 42.Kd2 Bc4 43.Re1+ Kd7
44.Bf2 Nc6 45.Re4 Bb3 46.Rh4 h5 47.g4 Ne5 48.Rh3 Nxg4 49.Bxc5 Bxa4 50.Bd4 Ke6
51.Ra3 b5 52.Bg1 Ne5 53.h3 g5 54.Kc1 Kf5  0-1

[Event "Polugaevsky Mem 2014"]
[Site "Samara RUS"]
[Date "2014.07.10"]
[Round "9.15"]
[White "Sanzhaev,D"]
[Black "Mirzaev,A2"]
[Result "1/2-1/2"]
[WhiteElo "2389"]
[BlackElo "2257"]

1.d4 Nf6 2.c4 c5 3.d5 e6 4.Nc3 exd5 5.cxd5 d6 6.Nf3 g6 7.Bf4 Bg7 8.Qa4+ Bd7
9.Qb3 Qc7 10.e4 O-O 11.Nd2 Nh5 12.Be3 f5 13.exf5 gxf5 14.Be2 f4 15.Bxc5 f3
16.Bxf3 Nf4 17.Be3 Nd3+ 18.Ke2 Ne5 19.Bh5 Bf5 20.Nce4 Qe7 21.Bg5 Qd7 22.h3 Bxe4
23.Nxe4 Qf5 24.f3 Nbd7 25.Bg4 Nxg4 26.hxg4 Qg6 27.Be3 Rae8 28.Kd2 Rxe4 29.fxe4 Qxg4
30.Rhe1 Ne5 31.Re2 Qxe4 32.Rc1 Ng4 33.Rc4 Qxd5+ 34.Ke1 Nxe3 35.Rxe3 Kh8 36.Rce4 Qa5+
37.Ke2 Qa6+ 38.Qc4 Qb6 39.b3 d5 40.Qxd5 Qa6+ 41.Kd1 Qf1+ 42.Re1 Qxg2 43.Qd2 Qf3+
44.Kc2 b5 45.Qe3 Qg2+ 46.Qe2 Qg3 47.Qe3 Qg2+ 48.Qe2 Qg3  1/2-1/2

[Event "Styrian Open 2014"]
[Site "Bad Gleichenberg AUT"]
[Date "2014.07.11"]
[Round "7.19"]
[White "Kragelj,I"]
[Black "Horvath,Re"]
[Result "1-0"]
[WhiteElo "2183"]
[BlackElo "2062"]

1.d4 Nf6 2.c4 c5 3.d5 e6 4.Nf3 exd5 5.cxd5 d6 6.Nc3 g6 7.h3 Bg7 8.e4 O-O
9.Bd3 a6 10.a4 Re8 11.O-O Nh5 12.Re1 Nd7 13.Bg5 Bf6 14.Be3 Ne5 15.Be2 Nxf3+
16.Bxf3 Ng7 17.Qd2 Bd7 18.a5 b5 19.axb6 Qxb6 20.Ra2 a5 21.Bf4 Be5 22.Bxe5 Rxe5
23.Rea1 f5 24.exf5 Nxf5 25.Bg4 Qd8 26.Bxf5 Bxf5 27.Nd1 a4 28.Ne3 Qg5 29.Rxa4 Rxa4
30.Rxa4 Bxh3 31.f4 Qh4 32.Ra8+ Kg7 33.fxe5 dxe5 34.Qf2  1-0

[Event "26th Cannes Summer Open"]
[Site "Cannes FRA"]
[Date "2014.07.11"]
[Round "7.12"]
[White "Malka,S"]
[Black "Maisuradze,N"]
[Result "1-0"]
[WhiteElo "2180"]
[BlackElo "2317"]

1.d4 Nf6 2.c4 c5 3.d5 e6 4.Nc3 exd5 5.cxd5 d6 6.Nf3 g6 7.g3 Bg7 8.Bg2 O-O
9.O-O Re8 10.Bf4 Na6 11.Nd2 Nh5 12.Be3 Nc7 13.a4 b6 14.Bf3 Nf6 15.Bf4 Bg4
16.Bxg4 Nxg4 17.Nc4 Ne5 18.Bxe5 Bxe5 19.Nxe5 Rxe5 20.e4 Re8 21.f4 Qf6 22.Qg4 a6
23.Rad1 Rad8 24.e5 Qf5 25.Qh4 h5 26.h3 dxe5 27.g4 Qc2 28.f5 Rd6 29.gxh5 gxf5
30.Rf2 Qb3 31.Rg2+ Kf8 32.h6 Qb4 33.Qg5 Rg6 34.Qh5 Rxg2+ 35.Kxg2 Qxb2+ 36.Ne2 Rd8
37.Kh1 Qb3 38.Rg1 Qxd5+ 39.Rg2 Ke7 40.h7 Rh8 41.Qg5+ Ke6 42.Qg8 Rxh7 43.Qxh7 f4
44.Nc3 Qb3 45.Ne4 Qd1+ 46.Kh2 Qd7 47.a5 Nd5 48.axb6 Qb5 49.b7 Ne3 50.Qxf7+  1-0

[Event "89th ch-Paris IdF 2014"]
[Site "Paris FRA"]
[Date "2014.07.11"]
[Round "7.4"]
[White "Tregubov,P"]
[Black "Le Ruyet,L"]
[Result "1-0"]
[WhiteElo "2601"]
[BlackElo "2259"]

1.d4 Nf6 2.c4 e6 3.Nf3 c5 4.d5 d6 5.Nc3 exd5 6.cxd5 g6 7.Bf4 Bg7 8.Qa4+ Bd7
9.Qb3 Qc7 10.h3 O-O 11.e3 Na6 12.Nd2 Rab8 13.a4 Nb4 14.Be2 a6 15.O-O b5 16.axb5 axb5
17.Nde4 Ne8 18.Nxd6 Nxd6 19.Ne4 Nxe4 20.Bxc7 Rbc8 21.d6 Nd2 22.Qd1 Nxf1 23.Qxf1 c4
24.Ba5 Na6 25.Bc3 Bxc3 26.bxc3 Rc6 27.Qd1 Nc5 28.Bf3 Rb6 29.Qd4 Rc8 30.Ra8  1-0